Fundamentos de manufactura moderna: materiales, procesos y sistemas
I tiakina i:
| Kaituhi matua: | |
|---|---|
| Hōputu: | Pukapuka |
| Reo: | Pāniora |
| I whakaputaina: |
Ciudad de México
Prentice-Hall Hispanoamericana
1997
|
| Ngā marau: | |
| Ngā Tūtohu: |
Tāpirihia he Tūtohu
Kāore He Tūtohu, Me noho koe te mea tuatahi ki te tūtohu i tēnei pūkete!
|
MARC
| LEADER | 00000nam a2200000 a 4500 | ||
|---|---|---|---|
| 001 | UCR7539 | ||
| 003 | CL-VaPUC | ||
| 008 | 980515e19970000MX |||||||||||||||||spa|d | ||
| 020 | |a 9688808466 | ||
| 082 | 0 | 4 | |a 670 |b GRO |2 21 |
| 100 | |a Groover, Mikell P |e author |9 532045 | ||
| 245 | 1 | 0 | |a Fundamentos de manufactura moderna: materiales, procesos y sistemas |
| 300 | |a 1062 p | ||
| 942 | |c BK | ||
| 945 | |d 19980515 00:00:00 |a mvenant | ||
| 260 | |a Ciudad de México |b Prentice-Hall Hispanoamericana |c 1997 | ||
| 650 | 0 | |a Procesos de manufacturas |9 271580 | |
| 650 | 0 | |a Manufacturas |9 271925 | |
| 650 | 0 | |a Materiales |9 260800 | |
| 650 | 0 | |a Metalurgia |9 263720 | |
| 650 | 7 | |a METALISTERIA |2 CL-VaPUC |9 408822 | |
| 650 | 7 | |a EQUIPO Y ACCESORIOS |2 CL-VaPUC |9 408823 | |
| 583 | |a last modification |c 19980515 00:00:00 |k Rodrigo Vera | ||
| 999 | |c 269131 |d 269129 | ||
| 952 | |0 0 |1 0 |2 ddc |4 0 |6 670_000000000000000_GRO_1997 |7 0 |8 R |9 302773 |a BIBMEC |b BIBMEC |d 2019-11-20 |i 346475K |l 3 |m 1 |o 670 GRO 1997 |p 346475K |r 2024-01-19 |s 2022-05-24 |w 2019-11-20 |y BK_P |k MEC | ||
| 952 | |0 0 |1 0 |2 ddc |4 0 |6 670_000000000000000_GRO_1997 |7 0 |8 R |9 302774 |a BIBMEC |b BIBMEC |d 2019-11-20 |i 3464768 |o 670 GRO 1997 |p 3464768 |r 2024-01-19 |w 2019-11-20 |y BK_P |k MEC | ||
| 952 | |0 0 |1 0 |2 ddc |4 0 |6 670_000000000000000_GRO_1997 |7 0 |8 A |9 302775 |a BIBMEC |b BIBMEC |d 2019-11-20 |i 3464776 |o 670 GRO 1997 |p 3464776 |r 2024-01-19 |w 2019-11-20 |y BK_P |k MEC | ||
| 952 | |0 0 |1 0 |2 ddc |4 0 |6 670_000000000000000_GRO_1997 |7 0 |8 R |9 302776 |a BIBMEC |b BIBMEC |d 2019-11-20 |i 3464784 |o 670 GRO 1997 |p 3464784 |r 2024-01-19 |w 2019-11-20 |y BK_P |k MEC | ||
| 952 | |0 0 |1 0 |2 ddc |4 0 |6 670_000000000000000_GRO_1997 |7 0 |8 A |9 302777 |a BIBMEC |b BIBMEC |d 2019-11-20 |i 3603520 |o 670 GRO 1997 |p 3603520 |r 2024-01-19 |w 2019-11-20 |y BK_P |k MEC | ||
| 952 | |0 0 |1 0 |2 ddc |4 0 |6 670_000000000000000_GRO_1997 |7 0 |8 A |9 302778 |a BIBMEC |b BIBMEC |d 2019-11-20 |i 3605671 |o 670 GRO 1997 |p 3605671 |r 2024-01-19 |w 2019-11-20 |y BK_P |k MEC | ||
| 952 | |0 0 |1 0 |2 ddc |4 0 |6 670_000000000000000_GRO_1997 |7 0 |8 A |9 302779 |a BIBMEC |b BIBMEC |d 2019-11-20 |i 3605663 |o 670 GRO 1997 |p 3605663 |r 2024-01-19 |w 2019-11-20 |y BK_P |k MEC | ||
| 952 | |0 0 |1 0 |2 ddc |4 0 |6 670_000000000000000_GRO_1997 |7 0 |8 A |9 302780 |a BIBMEC |b BIBMEC |d 2019-11-20 |i 3781739 |o 670 GRO 1997 |p 3781739 |r 2024-01-19 |w 2019-11-20 |y BK_P |k MEC | ||
| 952 | |0 0 |1 0 |2 ddc |4 0 |6 670_000000000000000_GRO_1997 |7 0 |8 A |9 302781 |a BIBMEC |b BIBMEC |d 2019-11-20 |i 3781747 |o 670 GRO 1997 |p 3781747 |r 2024-01-19 |w 2019-11-20 |y BK_P |k MEC | ||
| 952 | |0 0 |1 0 |2 ddc |4 0 |6 670_000000000000000_GRO_1997 |7 0 |8 A |9 302782 |a BIBMEC |b BIBMEC |d 2019-11-20 |i 3781755 |o 670 GRO 1997 |p 3781755 |r 2024-01-19 |w 2019-11-20 |y BK_P |k MEC | ||
| 952 | |0 0 |1 0 |2 ddc |4 0 |6 670_000000000000000_GRO_1997 |7 0 |8 A |9 302783 |a BIBMEC |b BIBMEC |d 2019-11-20 |i 3782670 |o 670 GRO 1997 |p 3782670 |r 2024-01-19 |w 2019-11-20 |y BK_P |k MEC | ||
| 952 | |0 0 |1 0 |4 0 |6 670_000000000000000_GRO_1997 |7 0 |8 R |9 302784 |a BIBMEC |b BIBMEC |d 2019-11-20 |i 3944433 |o 670 GRO 1997 |p 3944433 |r 2024-01-19 |w 2019-11-20 |y BK_R |k MEC | ||
| 952 | |0 0 |1 0 |2 ddc |4 0 |6 670_000000000000000_GRO_1997 |7 0 |8 A |9 302785 |a BIBMEC |b BIBMEC |d 2019-11-20 |i 3944441 |o 670 GRO 1997 |p 3944441 |r 2024-01-19 |w 2019-11-20 |y BK_P |k MEC | ||
| 952 | |0 0 |1 0 |2 ddc |4 0 |6 670_000000000000000_GRO_1997 |7 0 |8 A |9 302787 |a BIBMEC |b BIBMEC |d 2019-11-20 |i 3944468 |o 670 GRO 1997 |p 3944468 |r 2024-01-19 |w 2019-11-20 |y BK_P |k MEC | ||